Top 50 Players in the NBA Playoffs 2019 - Statistics

General Stats
  • This quiz has been taken 635 times
  • The average score is 32 of 50
Answer Stats
# Answer % Correct
3 Stephen Curry
98%
6 Kawhi Leonard
97%
4 Kevin Durant
96%
1 Giannis Antetokounmpo
91%
2 James Harden
89%
22 Klay Thompson
89%
20 Draymond Green
87%
43 Danny Green
86%
9 Joel Embiid
85%
16 Kyle Lowry
82%
13 Russell Westbrook
82%
8 Damian Lillard
81%
7 Paul George
81%
5 Nikola Jokic
80%
24 Chris Paul
79%
11 Kyrie Irving
79%
14 Ben Simmons
77%
41 Jayson Tatum
74%
21 Jimmy Butler
74%
23 Khris Middleton
74%
18 Pascal Siakam
74%
37 DeMar DeRozan
68%
40 Marc Gasol
68%
48 Jamal Murray
65%
26 Tobias Harris
64%
25 Donovan Mitchell
62%
10 Rudy Gobert
62%
12 Blake Griffin
61%
15 Al Horford
59%
47 Brook Lopez
58%
31 Clint Capela
58%
27 LaMarcus Aldridge
55%
34 Andre Drummond
54%
50 Demarcus Cousins
53%
36 D'Angelo Russell
52%
28 Eric Bledsoe
51%
17 Nikola Vucevic
51%
46 Lou Williams
49%
32 Steven Adams
49%
30 Myles Turner
46%
42 JJ Redick
41%
44 Paul Millsap
39%
39 Malcolm Brogdon
36%
35 Domantas Sabonis
32%
38 Bojan Bogdanovic
31%
29 Joe Ingles
31%
49 Thaddeus Young
31%
33 Montrezl Harrell
30%
19 Danilo Gallinari
27%
45 Derrick Favors
18%
No matching quizzes found
Score Distribution
Percent of People with Each Score
Percentile by Number Answered
Your Score History
You have not taken this quiz